[Event "Fagernes GM Open 2014"]
[Site "Fagernes NOR"]
[Date "2014.04.18"]
[Round "7.7"]
[White "Svane, Rasmus"]
[Black "Hammer, Jon Ludvig"]
[Result "0-1"]
[WhiteTitle "IM"]
[BlackTitle "GM"]
[WhiteElo "2487"]
[BlackElo "2647"]
[WhiteFideId "4657101"]
[BlackFideId "1503707"]
[EventDate "2014.04.13"]

1. Nf3 d5 2. d4 Nf6 3. c4 e6 4. Nc3 Be7 5. Bf4 O-O 6. Rc1 b6 7. e3 Bb7 8. cxd5
Nxd5 9. Nxd5 Qxd5 10. a3 Qa5+ 11. Qd2 Qxd2+ 12. Nxd2 c5 13. dxc5 Rc8 14. b4 bxc5
15. b5 c4 16. Nxc4 Bxa3 17. Rb1 Be4 18. Rb3 Be7 19. Bd6 Bf6 20. Ne5 Rc1+ 21. Kd2
Rc2+ 22. Ke1 Bxe5 23. Bxe5 Nd7 24. Bd4 e5 25. Bc3 Nc5 26. Ra3 Rd8 27. f3 Nd3+
28. Bxd3 Bxd3 29. Ba5 Rd7 30. Rc3 Re2+ 31. Kd1 Bxb5+ 32. Kc1 f6 33. Rc2 Rxe3 34.
Re1 Ra3 35. Bb4 Ra4 36. Rc8+ Kf7 37. Bc3 Ra2 38. Bb2 Rb7 39. Rc2 Bd3 40. Rf2 a5
41. Re3 Rb3 0-1

[Event "Fagernes GM Open 2014"]
[Site "Fagernes NOR"]
[Date "2014.04.18"]
[Round "7.9"]
[White "Djurhuus, Rune"]
[Black "Mihajlov, Sebastian"]
[Result "1-0"]
[WhiteTitle "GM"]
[BlackTitle "CM"]
[WhiteElo "2447"]
[BlackElo "2197"]
[WhiteFideId "1500082"]
[BlackFideId "1512110"]
[EventDate "2014.04.13"]

1. d4 d5 2. c4 c6 3. Nf3 Nf6 4. Nc3 dxc4 5. e3 b5 6. a4 b4 7. Nb1 e6 8. Bxc4 Be7
9. O-O O-O 10. Qe2 c5 11. Rd1 Bb7 12. Nbd2 Nbd7 13. Nb3 Qc7 14. Nbd2 Rac8 15. b3
Bd6 16. h3 e5 17. dxe5 Nxe5 18. Bb2 Rcd8 19. Rac1 Nxf3+ 20. Nxf3 Qe7 21. Kf1 Ne4
22. Bd5 Be5 23. Bxe4 Bxb2 24. Bxh7+ Kxh7 25. Qxb2 Bxf3 26. gxf3 Kg8 27. Qc2 Qe6
28. Kg2 a6 29. a5 Rfe8 30. Qxc5 Qxb3 31. Rxd8 Rxd8 32. Rc4 Rb8 33. Qc7 Re8 34.
Rf4 g6 35. Qb6 Qd5 36. Qxb4 Re5 37. Qb8+ Kg7 38. Qb6 Rg5+ 39. Kh2 Rf5 40. Rxf5
Qxf5 41. Qxa6 Qxf3 42. Qf1 Qf6 43. a6 Qd6+ 44. Kg1 Qe5 45. Qc4 Qg5+ 46. Qg4 Qa5
47. Qd4+ Kh7 48. a7 Qe1+ 49. Kg2 Qa5 50. Qd7 Kg7 51. Qb7 Qg5+ 52. Kf1 1-0

[Event "Fagernes GM Open 2014"]
[Site "Fagernes NOR"]
[Date "2014.04.18"]
[Round "7.10"]
[White "Hauge, Lars Oskar"]
[Black "Galinsky, Timofey"]
[Result "1/2-1/2"]
[WhiteTitle "FM"]
[BlackTitle "IM"]
[WhiteElo "2330"]
[BlackElo "2427"]
[WhiteFideId "1509276"]
[BlackFideId "14104164"]
[EventDate "2014.04.13"]

1. e4 e6 2. d4 d5 3. Nd2 Nc6 4. Ngf3 Nf6 5. e5 Nd7 6. c3 f6 7. Bb5 fxe5 8. dxe5
Be7 9. O-O O-O 10. Re1 Qe8 11. Nf1 a6 12. Ba4 Nc5 13. Bc2 a5 14. Ng3 b6 15. Ng5
Bxg5 16. Bxg5 Nd7 17. Qd3 Qg6 18. Qxg6 hxg6 19. f4 Kf7 20. h4 Ba6 21. Kf2 Ne7
22. Rh1 Nc5 23. Ke3 Nf5+ 24. Nxf5 exf5 25. h5 Rh8 26. g4 Ne4 27. Rad1 Nxg5 28.
hxg6+ Ke7 29. fxg5 fxg4 30. Rh7 Rhg8 31. Rxd5 Bc4 32. Rd4 Bxa2 33. c4 a4 34. Be4
a3 35. Bxa8 axb2 36. Be4 b1=Q 37. Bxb1 Bxb1 38. Rxg4 Bxg6 39. Rh1 Ke6 40. c5
Kxe5 41. cxb6 cxb6 42. Rb4 Rb8 43. Rc1 Kf5 44. Rb5+ Kg4 45. Rg1+ Kh5 46. Re5 Ra8
47. Rh1+ Kg4 48. Re6 Re8 49. Rxe8 Bxe8 50. Rg1+ 1/2-1/2

[Event "Fagernes GM Open 2014"]
[Site "Fagernes NOR"]
[Date "2014.04.18"]
[Round "7.11"]
[White "Houska, Jovanka"]
[Black "Haug, Johannes"]
[Result "1-0"]
[WhiteTitle "IM"]
[WhiteElo "2410"]
[BlackElo "2096"]
[WhiteFideId "405094"]
[BlackFideId "1509268"]
[EventDate "2014.04.13"]

1. d4 Nf6 2. Nf3 e6 3. c4 b6 4. g3 Bb7 5. Bg2 c5 6. d5 exd5 7. Nh4 g6 8. Nc3 Bg7
9. O-O O-O 10. cxd5 Na6 11. e4 d6 12. Bg5 h6 13. Be3 Qd7 14. Qd2 Kh7 15. a4 Nc7
16. f3 a6 17. Rad1 b5 18. b3 Rfe8 19. Kh1 b4 20. Nb1 a5 21. Rfe1 Ba6 22. Qc2
Rac8 23. Nd2 Na8 24. Nc4 Qc7 25. Bh3 Rcd8 26. e5 Rxe5 27. Nxe5 dxe5 28. Qxc5
Qxc5 29. Bxc5 Rxd5 30. Bf2 Nc7 31. Bb6 Rxd1 32. Rxd1 Ncd5 33. Bxa5 g5 34. Nf5
Be2 35. Re1 Bxf3+ 36. Bg2 e4 37. Nxg7 Kxg7 38. Bd8 Ng4 39. Kg1 Nde3 40. Bxf3
exf3 41. Rxe3 f2+ 42. Kf1 Nxe3+ 43. Kxf2 Nc4 44. bxc4 b3 45. Bb6 1-0

[Event "Fagernes GM Open 2014"]
[Site "Fagernes NOR"]
[Date "2014.04.18"]
[Round "7.12"]
[White "Getz, Nicolai"]
[Black "Tari, Aryan"]
[Result "1-0"]
[WhiteTitle "IM"]
[BlackTitle "IM"]
[WhiteElo "2388"]
[BlackElo "2387"]
[WhiteFideId "1505572"]
[BlackFideId "1510045"]
[EventDate "2014.04.13"]

1. e4 c5 2. Nf3 d6 3. d4 cxd4 4. Nxd4 Nf6 5. Nc3 a6 6. Bc4 e6 7. O-O b5 8. Bb3
b4 9. Na4 Bb7 10. Re1 Nbd7 11. c3 bxc3 12. Nxc3 Nc5 13. Bd5 Qc8 14. b4 Ncd7 15.
Qb3 Nb6 16. Bg5 exd5 17. Nxd5 Nbxd5 18. exd5+ Kd8 19. Qe3 Qd7 20. Rac1 Bxd5 21.
Nf5 Rb8 22. Qc3 Bc6 23. Bxf6+ gxf6 24. Qxf6+ Kc7 25. Nd4 Bg7 26. Qxg7 Rhe8 27.
Rxe8 1-0

[Event "Fagernes GM Open 2014"]
[Site "Fagernes NOR"]
[Date "2014.04.18"]
[Round "7.13"]
[White "Salomon, Johan"]
[Black "Lillevold, Frode"]
[Result "1/2-1/2"]
[WhiteElo "2343"]
[BlackElo "2182"]
[WhiteFideId "1509500"]
[BlackFideId "1502913"]
[EventDate "2014.04.13"]

1. e4 e5 2. Nf3 Nc6 3. Bb5 Nf6 4. d3 Bd6 5. Nbd2 a6 6. Bxc6 dxc6 7. Nc4 Nd7 8.
a4 O-O 9. a5 Re8 10. O-O Nf8 11. h3 Qe7 12. b3 Ng6 13. Bb2 f6 14. Ne3 Qf7 15.
Nd2 Nf4 16. Qf3 Be6 17. Ndc4 Qh5 18. Qxh5 Nxh5 19. Kh2 Nf4 20. h4 Rad8 21. g3
Ng6 22. h5 Nh8 23. Kg2 Nf7 24. f4 Bc5 25. Kf3 Bc8 26. Rad1 Re7 27. Bc3 Rde8 28.
g4 Nd6 29. Be1 Nb5 30. c3 Rd8 31. Ke2 Nd6 32. fxe5 Nxc4 33. bxc4 Bxe3 34. Kxe3
Rxe5 35. Bg3 Rg5 36. Bxc7 Re8 37. Bf4 Rxg4 38. Rg1 Rxg1 39. Rxg1 Rd8 40. c5 Kf7
41. Bd6 g5 42. d4 Re8 43. c4 Kg7 44. Kf3 Kh6 45. Rh1 f5 46. exf5 Bxf5 47. Kg3
Be6 48. Re1 Bf7 49. Be7 Kxh5 50. d5 cxd5 51. cxd5 Bxd5 52. Re5 h6 53. Re3 Kg6
54. Bxg5 Rxe3+ 55. Bxe3 h5 1/2-1/2

[Event "Fagernes GM Open 2014"]
[Site "Fagernes NOR"]
[Date "2014.04.18"]
[Round "7.14"]
[White "Dolzhikova, Olga"]
[Black "Guttulsrud, Odd Martin"]
[Result "0-1"]
[WhiteTitle "WGM"]
[BlackTitle "CM"]
[WhiteElo "2209"]
[BlackElo "2206"]
[WhiteFideId "14105870"]
[BlackFideId "1507249"]

1. e4 c5 2. Nf3 d6 3. Bb5+ Nd7 4. O-O Nf6 5. Re1 a6 6. Bf1 e6 7. c3 Be7 8. d4
O-O 9. e5 dxe5 10. dxe5 Nd5 11. a3 b5 12. a4 Rb8 13. axb5 axb5 14. Na3 b4 15.
Nb5 bxc3 16. bxc3 Bb7 17. Bd3 Bc6 18. Na7 Ba8 19. Qc2 g6 20. Bh6 Re8 21. Nb5 Bc6
22. Na3 Qa5 23. Nb5 Qd8 24. Na7 Ba8 25. Be4 c4 26. Nd4 Nxe5 27. Nab5 Bc5 28.
Bxd5 exd5 29. Bf4 f6 30. Bg3 Qd7 31. Reb1 Bc6 32. Nxc6 Qxc6 33. Nd4 Rxb1+ 34.
Qxb1 Qd7 35. h3 Nd3 36. Qa2 Re1+ 37. Rxe1 Nxe1 38. Qe2 Nd3 39. Qf3 Kg7 40. Bh4
Qd6 41. Nb5 Qe5 42. g4 g5 43. Bg3 Ne1 44. Qe3 Bxe3 45. Bxe5 Bxf2+ 46. Kxf2 Nd3+
47. Kg3 fxe5 48. h4 gxh4+ 49. Kxh4 Kg6 50. Kg3 Nf4 51. Kf2 Kg5 52. Kf3 e4+ 53.
Kg3 h6 54. Nd4 h5 55. gxh5 Nxh5+ 56. Kf2 Kf4 57. Nc2 Ng7 58. Ne3 Ke5 59. Ng4+
Kf5 60. Ne3+ Ke6 61. Ke2 Nf5 62. Nc2 Ke5 63. Ne1 Kf4 64. Ng2+ Kg3 65. Ne1 e3 66.
Nc2 Kf4 67. Ne1 d4 68. cxd4 Nxd4+ 69. Kd1 c3 70. Nd3+ Ke4 71. Nc5+ Kf3 72. Nd3
e2+ 73. Ke1 Ke3 74. Ne5 Nc2# 0-1

[Event "Fagernes GM Open 2014"]
[Site "Fagernes NOR"]
[Date "2014.04.18"]
[Round "7.15"]
[White "Bjerke, Richard"]
[Black "Christiansen, Johan-Sebastian"]
[Result "0-1"]
[WhiteTitle "FM"]
[WhiteElo "2194"]
[BlackElo "2207"]
[WhiteFideId "1500252"]
[BlackFideId "1512668"]
[EventDate "2014.04.13"]

1. e4 c5 2. Nf3 d6 3. d4 cxd4 4. Nxd4 Nf6 5. Nc3 a6 6. f4 e6 7. Qf3 Nbd7 8. Nb3
Qc7 9. Be3 b5 10. a3 Bb7 11. Bd3 Rc8 12. O-O Be7 13. Rae1 Nb6 14. Qg3 Nc4 15.
Bc1 h5 16. e5 h4 17. Qxg7 Rg8 18. exf6 Rxg7 19. fxg7 Kd7 20. Bh7 Qb8 21. f5 h3
22. g3 Ba8 23. f6 Qb6+ 24. Rf2 Bxf6 25. Nd5 Bxd5 26. g8=Q Rxg8 27. Bxg8 Ke7 28.
c3 Ne5 29. Nd4 Nd3 30. Be3 Qb8 31. Rxf6 Qxg8 32. Ref1 Ne5 33. R6f4 Bg2 34. Rd1
Qg6 35. Bf2 Ke8 36. Rh4 Nc4 37. Rh8+ Ke7 38. Re1 Nxb2 39. Be3 Nc4 40. Rh6 Qd3
41. Bg5+ Kd7 42. Rf6 Ne5 43. Bf4 Qxc3 44. Rd1 Qc5 45. Be3 Qxa3 46. Bf4 Qa4 0-1

[Event "Fagernes GM Open 2014"]
[Site "Fagernes NOR"]
[Date "2014.04.18"]
[Round "7.16"]
[White "Andersen, Alf R."]
[Black "Djurhuus, Eivind X"]
[Result "1-0"]
[WhiteElo "2230"]
[BlackElo "1977"]
[WhiteFideId "1503120"]
[BlackFideId "1515721"]
[EventDate "2014.04.13"]

1. e4 c5 2. f4 d5 3. exd5 Nf6 4. b3 Nxd5 5. Bb2 Nc6 6. Bb5 Qd6 7. Nf3 Bd7 8. Ne5
Nxe5 9. fxe5 Qc7 10. Bxd7+ Qxd7 11. O-O Qe6 12. Qf3 Rb8 13. Na3 b5 14. Nxb5 Rxb5
15. c4 Rb8 16. cxd5 Qg6 17. Rac1 Rc8 18. d4 1-0

[Event "Fagernes GM Open 2014"]
[Site "Fagernes NOR"]
[Date "2014.04.18"]
[Round "7.17"]
[White "Flermoen, Peter"]
[Black "Hagesather, Ellen"]
[Result "1-0"]
[WhiteTitle "CM"]
[BlackTitle "WIM"]
[WhiteElo "2232"]
[BlackElo "2204"]
[WhiteFideId "1507303"]
[BlackFideId "1501909"]
[EventDate "2014.04.13"]

1. e4 d6 2. d4 Nf6 3. Nc3 g6 4. Be3 c6 5. Qd2 b5 6. Bd3 Nbd7 7. h3 Bb7 8. f4 Nb6
9. Nf3 Bg7 10. a4 Nc4 11. Bxc4 bxc4 12. Bf2 c5 13. d5 O-O 14. O-O e6 15. Bh4 Qd7
16. dxe6 fxe6 17. Rfe1 Nh5 18. Ne5 Bxe5 19. fxe5 d5 20. exd5 exd5 21. e6 Qc6 22.
e7 Rfe8 23. Rad1 d4 24. Ne4 Qc7 25. Nf6+ Nxf6 26. Bxf6 Qc6 27. Qg5 a5 28. Rd2
Ra6 29. Rf2 d3 30. Bc3 d2 31. Rf8+ Rxf8 32. exf8=Q+ Kxf8 33. Qe7+ 1-0

[Event "Fagernes GM Open 2014"]
[Site "Fagernes NOR"]
[Date "2014.04.18"]
[Round "7.18"]
[White "Loberg, Jo Kristian"]
[Black "Haria, Ravi"]
[Result "1/2-1/2"]
[WhiteElo "2039"]
[BlackElo "2207"]
[WhiteFideId "1505599"]
[BlackFideId "415820"]
[EventDate "2014.04.13"]

1. e4 e6 2. d4 d5 3. Nc3 Nc6 4. e5 Nge7 5. Bg5 h6 6. Bxe7 Qxe7 7. a3 Bd7 8. Qd2
f6 9. exf6 Qxf6 10. O-O-O g5 11. Bb5 Bd6 12. Kb1 O-O-O 13. f3 a6 14. Ba4 Ne7 15.
Bb3 Bf4 16. Qf2 Nf5 17. Rd3 Rdf8 18. Nge2 Bd6 19. Ng3 Nh4 20. h3 h5 21. Nf1 Be8
22. Ne2 Bb5 23. Rd1 g4 24. hxg4 hxg4 25. Nd2 gxf3 26. Nxf3 Nxf3 27. gxf3 Rxh1
28. Rxh1 Qxf3 29. Qxf3 Rxf3 30. Nc1 Bc4 31. Re1 Kd7 32. c3 Bxb3 33. Nxb3 b6 34.
Re2 c5 35. Kc2 Rh3 36. Nd2 cxd4 37. cxd4 Rh2 38. Rxh2 Bxh2 39. a4 Bd6 40. Nf3
Ke7 41. Kd3 Bf4 42. b3 Kd7 43. Ne1 Kc6 44. Kc3 b5 45. axb5+ Kxb5 46. Nc2 Bd6 47.
Kd3 Bf4 48. Ke2 Bc1 49. Kd3 a5 50. Kc3 Kb6 51. Kd3 Kc6 52. Ke2 Kb5 53. Kd3 Bb2
54. Ke3 Bc3 55. Kd3 Bb4 56. Ke3 Be7 57. Kd3 Bd8 58. Ke3 Be7 59. Kd3 Bd6 60. Ke3
a4 61. bxa4+ Kc4 62. a5 Bb8 63. Ne1 Kb5 64. Kd3 Kxa5 65. Nf3 Bf4 66. Nh4 Kb5 67.
Ng6 Bd6 68. Nh4 Kc6 69. Nf3 Kd7 70. Ng5 Ke7 71. Nf3 Kf6 72. Nd2 Kf5 73. Nb3 Bb4
74. Na1 Kf4 75. Nc2 Bd6 76. Ne3 Bb8 77. Nc2 Ba7 78. Nb4 1/2-1/2

[Event "Fagernes GM Open 2014"]
[Site "Fagernes NOR"]
[Date "2014.04.18"]
[Round "7.19"]
[White "Jorgensen, Line Jin"]
[Black "Merkesvik, Sondre"]
[Result "1/2-1/2"]
[WhiteElo "1926"]
[BlackElo "2042"]
[WhiteFideId "1505467"]
[BlackFideId "1514350"]
[EventDate "2014.04.13"]

1. Nf3 Nf6 2. c4 g6 3. Nc3 d5 4. cxd5 Nxd5 5. Qc2 Bg7 6. e4 Nxc3 7. dxc3 c5 8.
Bg5 O-O 9. Nd2 Qc7 10. Nc4 Nc6 11. Be2 a6 12. Ne3 b5 13. O-O h6 14. Nd5 Qa7 15.
Be3 e6 16. Nb4 Ne5 17. f4 Qc7 18. Nxa6 Bxa6 19. fxe5 h5 20. Bf4 Bxe5 21. Bxe5
Qxe5 22. a3 Rab8 23. Rad1 Rb6 24. Rfe1 Bb7 25. Bf3 Ba8 26. Rd7 Bc6 27. Rd2 Rbb8
28. Qd1 Rfc8 29. Qe2 Kg7 30. Qf2 Rc7 31. Qe3 Ba8 32. Red1 Bc6 33. Qf2 Rcc8 34.
Qe2 Rc7 35. Qf2 Ba8 36. Rd7 Rf8 1/2-1/2

[Event "Fagernes GM Open 2014"]
[Site "Fagernes NOR"]
[Date "2014.04.19"]
[Round "8.1"]
[White "Bok, Benjamin"]
[Black "Shankland, Samuel L"]
[Result "0-1"]
[WhiteTitle "IM"]
[BlackTitle "GM"]
[WhiteElo "2590"]
[BlackElo "2616"]
[WhiteFideId "1017063"]
[BlackFideId "2004887"]
[EventDate "2014.04.13"]

1. e4 c6 2. d4 d5 3. e5 Bf5 4. Nf3 e6 5. Be2 Ne7 6. c3 Nd7 7. O-O h6 8. Nbd2 Qc7
9. Nb3 O-O-O 10. Ne1 f6 11. exf6 gxf6 12. Nd3 h5 13. Ndc5 e5 14. Bxh5 exd4 15.
Nxd7 Rxd7 16. g3 dxc3 17. Bf4 c2 18. Qd4 Qb6 19. Qxf6 Rxh5 20. Qxf8+ Qd8 21.
Qxd8+ Rxd8 22. h4 Ng6 23. Bg5 Re8 24. f4 Rhh8 25. Nd4 Bd3 26. Rf3 Be4 27. Rf2
Ne7 28. g4 Ng6 29. h5 Reg8 30. Bf6 Ne5 31. fxe5 Rxg4+ 32. Kf1 Bd3+ 33. Ke1 Rxh5
34. Kd2 Rxd4 35. e6 Rc4 36. Kxd3 c1=Q 37. Rxc1 Rxc1 38. Rg2 Re1 39. Rg8+ Kc7 40.
e7 Rh3+ 41. Kd2 Rhe3 42. Rg7 Kd7 43. e8=Q+ Kxe8 44. Rxb7 R1e2+ 45. Kd1 Rg2 46.
Bc3 Rh3 0-1

[Event "Fagernes GM Open 2014"]
[Site "Fagernes NOR"]
[Date "2014.04.19"]
[Round "8.2"]
[White "Postny, Evgeny"]
[Black "Boruchovsky, Avital"]
[Result "1-0"]
[WhiteTitle "GM"]
[BlackTitle "IM"]
[WhiteElo "2630"]
[BlackElo "2492"]
[WhiteFideId "2804344"]
[BlackFideId "2800055"]
[EventDate "2014.04.13"]

1. d4 Nf6 2. Nf3 d5 3. c4 e6 4. g3 Be7 5. Bg2 O-O 6. O-O dxc4 7. Qc2 a6 8. a4
Bd7 9. Rd1 Bc6 10. Bg5 b5 11. Bxf6 Bxf6 12. Nc3 Qe7 13. e4 g6 14. axb5 axb5 15.
Rxa8 Bxa8 16. Nxb5 Qb4 17. Nc3 Nd7 18. Ra1 Nb6 19. Qd2 Rd8 20. Ra7 e5 21. d5 c6
22. Ng5 Be7 23. Qe3 Nd7 24. Bh3 Nf6 25. Be6 fxe6 26. Nxe6 Re8 27. Qh6 Bf8 28.
Qg5 Qb8 29. Rxa8 Qxa8 30. Qxf6 Qa1+ 31. Kg2 Qxb2 32. d6 Qb7 33. Nc7 Rb8 34. Qxe5
Qc8 35. Qd4 Bg7 36. Qxc4+ Kh8 37. Ne6 Bf6 38. Nc5 Qg8 39. Qxg8+ Rxg8 40. N3a4
Be5 41. d7 Rd8 42. f4 Bc7 43. e5 Kg8 44. Nb2 Kf7 45. Nbd3 Bb6 46. g4 h5 47. gxh5
gxh5 48. Kf3 Rg8 49. f5 Rg4 50. e6+ Kf6 51. Ne4+ 1-0

[Event "Fagernes GM Open 2014"]
[Site "Fagernes NOR"]
[Date "2014.04.19"]
[Round "8.3"]
[White "Gajewski, Grzegorz"]
[Black "Elsness, Frode"]
[Result "0-1"]
[WhiteTitle "GM"]
[BlackTitle "IM"]
[WhiteElo "2631"]
[BlackElo "2483"]
[WhiteFideId "1116207"]
[BlackFideId "1501100"]
[EventDate "2014.04.13"]

1. d4 Nf6 2. c4 e6 3. Nf3 Bb4+ 4. Nbd2 O-O 5. a3 Be7 6. e4 d5 7. e5 Nfd7 8. Bd3
c5 9. h4 g6 10. O-O cxd4 11. Nb3 Nc6 12. Re1 Bxh4 13. Bh6 Re8 14. Rc1 Be7 15.
Qd2 f6 16. exf6 Nxf6 17. Nbxd4 Nxd4 18. Nxd4 Bc5 19. cxd5 Bxd4 20. Bxg6 hxg6 21.
Qxd4 exd5 22. Rxe8+ Nxe8 23. Re1 Nf6 24. Bg5 Kf7 25. Bxf6 Qxf6 26. Qxd5+ Kf8 27.
Qc5+ Kf7 28. Qd5+ Kf8 29. Qc5+ Kf7 30. Qb5 Qc6 31. Qb3+ Kf6 32. Qb4 Be6 33. Qf4+
Kg7 34. Qe5+ Kf7 35. Qf4+ Kg8 36. Rc1 Qd5 37. Qf6 Qf5 38. Qd4 Rc8 39. Rxc8+ Bxc8
40. Qxa7 Qb1+ 41. Kh2 Qxb2 42. Qe3 Qb5 43. Qe7 Qd7 44. Qf6 Qc6 45. Qe7 Be6 46.
Qf6 Bd5 47. Qd8+ Kf7 48. f3 Qe6 49. a4 Qe5+ 50. Kh1 Bc6 51. a5 g5 52. Qb6 Ke6
53. Qd8 Qd5 54. Qc8+ Qd7 55. Qg8+ Kf5 56. Qf8+ Kg6 57. Qg8+ Qg7 58. Qe6+ Qf6 59.
Qg8+ Kf5 60. a6 Qa1+ 61. Kh2 Qxa6 62. Qf7+ Ke5 63. Qe7+ Kd4 64. Qf6+ Kc4 65.
Qxg5 Qa1 66. Qg8+ Kb5 67. Qb3+ Kc5 68. Qe3+ Qd4 69. Qa3+ Kd5 70. Qa2+ Kd6 71.
Qa3+ Kd7 72. Qb3 Qe5+ 73. Kg1 b5 74. Qf7+ Kd6 75. Qf8+ Kd5 76. g4 Qg3+ 77. Kf1
Kc4 78. Ke2 Qe5+ 79. Kf1 b4 80. Qh6 Bxf3 81. Qa6+ Qb5 82. Qc8+ Kd5+ 0-1

[Event "Fagernes GM Open 2014"]
[Site "Fagernes NOR"]
[Date "2014.04.19"]
[Round "8.4"]
[White "Hammer, Jon Ludvig"]
[Black "Johannessen, Leif Erlend"]
[Result "1/2-1/2"]
[WhiteTitle "GM"]
[BlackTitle "GM"]
[WhiteElo "2647"]
[BlackElo "2530"]
[WhiteFideId "1503707"]
[BlackFideId "1501674"]
[EventDate "2014.04.13"]

1. e4 c5 2. Nf3 e6 3. d4 cxd4 4. Nxd4 a6 5. Be2 Nf6 6. Qd3 Qc7 7. O-O Nc6 8.
Nxc6 dxc6 9. a4 e5 10. Be3 Be6 11. a5 Rd8 12. Bb6 Rxd3 13. Bxc7 Rd7 14. Bxe5
Nxe4 15. Nc3 Nxc3 16. Bxc3 Rg8 17. Rad1 Rxd1 18. Rxd1 Be7 19. Bd4 f5 20. Bb6 Kf7
21. f3 Re8 22. Kf2 Bh4+ 23. g3 Bf6 24. b3 g5 25. h3 1/2-1/2

[Event "Fagernes GM Open 2014"]
[Site "Fagernes NOR"]
[Date "2014.04.19"]
[Round "8.5"]
[White "Donchenko, Alexander"]
[Black "Romanov, Evgeny"]
[Result "1/2-1/2"]
[WhiteTitle "IM"]
[BlackTitle "GM"]
[WhiteElo "2471"]
[BlackElo "2642"]
[WhiteFideId "24603295"]
[BlackFideId "4148843"]
[EventDate "2014.04.13"]

1. d4 g6 2. Nf3 Bg7 3. g3 c5 4. d5 d6 5. Nc3 Nf6 6. Bg2 b5 7. Nxb5 Qa5+ 8. Nc3
Ne4 9. Qd3 Nxc3 10. Bd2 Ba6 11. Bxc3 Bxd3 12. Bxa5 Bxc2 13. Bc3 Bxc3+ 14. bxc3
Nd7 15. Kd2 Ba4 16. c4 Nb6 17. Kc3 Rb8 18. Nd2 Kd8 19. h4 h6 20. Be4 Kc7 21.
Rab1 Rhe8 22. Bd3 e6 23. dxe6 Rxe6 24. e4 Bc6 25. f4 Rbe8 26. g4 Bxe4 27. Nxe4
Rxe4 28. Bxe4 Rxe4 29. Rbf1 Rxc4+ 30. Kb2 Rb4+ 31. Kc1 Rc4+ 32. Kb1 Rb4+ 33. Kc1
Nd5 34. Rf3 Rd4 35. a4 Re4 36. Re3 Rxa4 37. Rf1 1/2-1/2

[Event "Fagernes GM Open 2014"]
[Site "Fagernes NOR"]
[Date "2014.04.19"]
[Round "8.6"]
[White "Rozentalis, Eduardas"]
[Black "Urkedal, Frode"]
[Result "1-0"]
[WhiteTitle "GM"]
[BlackTitle "IM"]
[WhiteElo "2624"]
[BlackElo "2494"]
[WhiteFideId "12800023"]
[BlackFideId "1506102"]
[EventDate "2014.04.13"]

1. e4 e5 2. Nc3 Nf6 3. g3 d5 4. exd5 Nxd5 5. Bg2 Nb6 6. Nge2 Bc5 7. a3 Nc6 8. b4
Be7 9. O-O O-O 10. d3 Nd4 11. Nxd4 exd4 12. Ne4 c6 13. Qh5 Na4 14. Bd2 h6 15.
Rae1 Qd7 16. f4 Qf5 17. Ng5 Bd6 18. Be4 Qd7 19. f5 hxg5 20. f6 Qh3 21. Bh7+ Kh8
22. fxg7+ Kxg7 23. Rxf7+ Kh8 24. Qg6 1-0

[Event "Fagernes GM Open 2014"]
[Site "Fagernes NOR"]
[Date "2014.04.19"]
[Round "8.7"]
[White "Turov, Maxim"]
[Black "Djurhuus, Rune"]
[Result "1-0"]
[WhiteTitle "GM"]
[BlackTitle "GM"]
[WhiteElo "2593"]
[BlackElo "2447"]
[WhiteFideId "4120086"]
[BlackFideId "1500082"]
[EventDate "2014.04.13"]

1. d4 Nf6 2. c4 c5 3. d5 b5 4. cxb5 a6 5. e3 Bb7 6. Nc3 Qa5 7. Bd2 Qb6 8. bxa6
Nxa6 9. e4 e6 10. dxe6 Qxe6 11. Nf3 Nxe4 12. Nxe4 Qxe4+ 13. Be2 Be7 14. O-O O-O
15. Re1 Qg4 16. Bxa6 Rxa6 17. Rxe7 Rd6 18. Ne1 Qd4 19. Qb3 Qf6 20. Re2 Ba6 21.
Bc3 Qf5 22. Re5 1-0

[Event "Fagernes GM Open 2014"]
[Site "Fagernes NOR"]
[Date "2014.04.19"]
[Round "8.8"]
[White "Kveinys, Aloyzas"]
[Black "Houska, Jovanka"]
[Result "1-0"]
[WhiteTitle "GM"]
[BlackTitle "IM"]
[WhiteElo "2543"]
[BlackElo "2410"]
[WhiteFideId "12800040"]
[BlackFideId "405094"]
[EventDate "2014.04.13"]

1. d4 d5 2. c4 c6 3. Nc3 Nf6 4. e3 e6 5. Nf3 Nbd7 6. Qc2 Bd6 7. b3 O-O 8. Bb2 b6
9. Bd3 Bb7 10. O-O Qe7 11. Rad1 Rad8 12. Rfe1 h6 13. e4 dxe4 14. Nxe4 Nxe4 15.
Bxe4 Nf6 16. Bd3 Ba3 17. Ba1 Qd6 18. Ne5 Bb4 19. Re3 c5 20. dxc5 Qxc5 21. Rg3 g5
22. h4 Ne4 23. hxg5 h5 24. Re3 Qd6 25. Rf1 f5 26. gxf6 Nxf6 27. Rg3+ Kh8 28. Qc1 1-0

[Event "Fagernes GM Open 2014"]
[Site "Fagernes NOR"]
[Date "2014.04.19"]
[Round "8.9"]
[White "Wallace, John Paul"]
[Black "Svane, Rasmus"]
[Result "1-0"]
[WhiteTitle "IM"]
[BlackTitle "IM"]
[WhiteElo "2402"]
[BlackElo "2487"]
[WhiteFideId "3200957"]
[BlackFideId "4657101"]
[EventDate "2014.04.13"]

1. e4 e6 2. d4 d5 3. Nc3 Nf6 4. e5 Nfd7 5. Nce2 c5 6. f4 Nc6 7. c3 b5 8. a3 Be7
9. Nf3 O-O 10. h4 f6 11. Ng3 fxe5 12. dxe5 c4 13. Ng5 Bxg5 14. hxg5 g6 15. Be3
Qe7 16. Be2 Nc5 17. Nf1 Nb3 18. Nh2 Bb7 19. Ng4 d4 20. cxd4 Rad8 21. Nf6+ Rxf6
22. gxf6 Qe8 23. Rb1 Ncxd4 24. Kf2 Be4 25. Bg4 Bc2 26. Qg1 Nc5 27. Bxd4 Ne4+ 28.
Ke1 Bxb1 29. Bc3 Qd7 30. Bxe6+ Qxe6 31. Qxa7 Qf7 32. Qxf7+ Kxf7 33. Rxh7+ Ke6
34. g4 Nxc3 35. Re7+ Kd5 36. bxc3 Ke4 37. f7 Kf3 38. Re8 Rd3 39. f8=Q Re3+ 40.
Kd2 Re2+ 41. Kc1 Bd3 42. Rd8 Rh2 43. Rxd3+ cxd3 44. Kd1 Ke3 45. Qc5+ 1-0

[Event "Fagernes GM Open 2014"]
[Site "Fagernes NOR"]
[Date "2014.04.19"]
[Round "8.10"]
[White "Lie, Espen"]
[Black "Hauge, Lars Oskar"]
[Result "1/2-1/2"]
[WhiteTitle "IM"]
[BlackTitle "FM"]
[WhiteElo "2460"]
[BlackElo "2330"]
[WhiteFideId "1502611"]
[BlackFideId "1509276"]
[EventDate "2014.04.13"]

1. e4 e6 2. d3 d5 3. Qe2 dxe4 4. dxe4 b6 5. Nf3 Ba6 6. Qd2 Qc8 7. Nc3 Bxf1 8.
Rxf1 Nd7 9. Qe2 Bb4 10. Qc4 Bxc3+ 11. Qxc3 Ngf6 12. Qc6 O-O 13. Bg5 Qa6 14. e5
Nc5 15. b4 Qc4 16. bxc5 Qc3+ 17. Ke2 Qc4+ 18. Ke1 Qc3+ 19. Ke2 Qc4+ 20. Ke1 Qc3+ 1/2-1/2